00508nam a22001577a 4500003001100000005001700011008004100028020001800069040003900087041000800126082000800134100007200142245005700214246002800271260005100299LK-CoMWRAF20240624153818.0240216b2019 |||||||| |||| 00| 0 eng d a9786249576902 aLK-CoMWRAFdLK-CoMWRAFeLK-CoMWRAF atam bALI vAli, A.C.L. Ameeraஅலி, ஏ.சி.எல். அமீர் aசிந்தனைச் சுவடுகள் aChinthanaich chuwadugal aJaffna:bMohideen Pitchai Mohamed Jaleelc2019